Marcel Grossmann meeting on general relativity (Record no. 8663)

MARC details
000 -LEADER
fixed length control field 00584nam a2200181Ia 4500
003 - CONTROL NUMBER IDENTIFIER
control field IN-BaIIA
008 - FIXED-LENGTH DATA ELEMENTS--GENERAL INFORMATION
fixed length control field 211028s9999 xx 000 0 eng d
020 ## - INTERNATIONAL STANDARD BOOK NUMBER
International Standard Book Number 0-444-86746-5
040 ## - CATALOGING SOURCE
Transcribing agency IIA Library
080 ## - UNIVERSAL DECIMAL CLASSIFICATION NUMBER
Universal Decimal Classification number 524.834(063)
Item number MAR
245 #0 - TITLE STATEMENT
Title Marcel Grossmann meeting on general relativity
Remainder of title pt. B
Statement of responsibility, etc. edited by Ning Hu
260 ## - PUBLICATION, DISTRIBUTION, ETC.
Place of publication, distribution, etc. Beijing
Name of publisher, distributor, etc. Science Press
Date of publication, distribution, etc. 1983
300 ## - PHYSICAL DESCRIPTION
Extent [various pagings.]
650 ## - SUBJECT ADDED ENTRY--TOPICAL TERM
Topical term or geographic name entry element Astronomy and astrophysics thesaurus
650 ## - SUBJECT ADDED ENTRY--TOPICAL TERM
Topical term or geographic name entry element General relativity
9 (RLIN) 3824
700 ## - ADDED ENTRY--PERSONAL NAME
Personal name Ning, Hu., ed.
9 (RLIN) 14549
942 ## - ADDED ENTRY ELEMENTS (KOHA)
Koha item type Books
Holdings
Withdrawn status Lost status Damaged status Not for loan Home library Current library Shelving location Date acquired Total Checkouts Full call number Barcode Date last seen Price effective from Koha item type
        IIA Library-Bangalore IIA Library-Bangalore General Stacks 24/04/1986   524.834(063)/ MAR 9538 05/11/2021 24/04/1986 Books

Powered by Koha